Noem de eerste 30 priemgetallen - de laatste is 113 - Statistieken

Algemene statistieken
  • Deze quiz is 38 keer genomen
  • De gemiddelde score is 28 van 30
Antwoordstatistieken
Antwoord % Correct
11
100%
13
100%
2
100%
3
100%
5
100%
7
100%
17
97%
19
97%
23
97%
29
97%
31
94%
37
94%
41
94%
43
94%
47
94%
53
94%
59
94%
61
94%
67
94%
71
94%
79
91%
73
89%
83
89%
89
86%
101
83%
107
83%
97
83%
103
80%
113
80%
109
77%
Geen overeenkomende quizzen gevonden
Scoreverdeling
Procent van Mensen met Elke Score
Percentiel versus Aantal Correcte Antwoorden
Uw Scoregeschiedenis
U heeft deze quiz nog niet genomen